[Event "Hersonissos Online op"]
[Site "Chess.com INT"]
[Date "2020.06.09"]
[Round "5"]
[White "Bashkim, Mancia"]
[Black "Westman, Lennart"]
[Result "1-0"]
[WhiteElo "1822"]
[BlackElo "1657"]
[PlyCount "49"]
[EventDate "2020.06.05"]
[EventType "swiss"]
[EventRounds "9"]
[EventCountry "GRE"]
[SourceTitle "EXT 2021"]
[Source "ChessBase"]
[SourceDate "2020.10.23"]
[SourceVersion "1"]
[SourceVersionDate "2020.10.23"]
[SourceQuality "1"]

1. c4 e5 2. Nc3 Nf6 3. e4 d5 4. cxd5 c6 5. dxc6 Nxc6 6. Nf3 Bc5 7. h3 0-0 8. d3 h6 9. Be2 a6 10. 0-0 Qd6 11. a3 Ne7 12. b4 Ba7 13. Be3 Bxe3 14. fxe3 g5 15. d4 exd4 16. e5 Qd8 17. exf6 Nf5 18. Nxd4 Nxe3 19. Qd3 Nxf1 20. Rxf1 Re8 21. Bd1 Re6 22. Bc2 Kf8 23. Nxe6+ Bxe6 24. Qh7 Qb6+ 25. Rf2 1-0

[Event "Hersonissos Online op"]
[Site "Chess.com INT"]
[Date "2020.06.08"]
[Round "4"]
[White "Sokolovsky, Yahli"]
[Black "Bashkim, Mancia"]
[Result "1-0"]
[WhiteElo "2123"]
[BlackElo "1822"]
[PlyCount "119"]
[EventDate "2020.06.05"]
[EventType "swiss"]
[EventRounds "9"]
[EventCountry "GRE"]
[SourceTitle "EXT 2021"]
[Source "ChessBase"]
[SourceDate "2020.10.23"]
[SourceVersion "1"]
[SourceVersionDate "2020.10.23"]
[SourceQuality "1"]

1. e4 e5 2. Nf3 Nc6 3. Bb5 a6 4. Ba4 Nf6 5. 0-0 Nxe4 6. d4 b5 7. Bb3 d5 8. dxe5 Be6 9. Nbd2 Nc5 10. c3 Be7 11. Bc2 0-0 12. Nb3 Nd7 13. Re1 Re8 14. Nbd4 Nxd4 15. Nxd4 Nf8 16. f4 c5 17. Nf5 Ng6 18. Qh5 Bf8 19. Be3 Qc8 20. h3 d4 21. cxd4 cxd4 22. Nxd4 Bc5 23. Rac1 Nf8 24. Be4 Bc4 25. b3 Bxd4 26. Bxd4 Qd8 27. Bc5 Be6 28. Bxf8 g6 29. Qf3 Kxf8 30. Bxa8 Qxa8 31. Qxa8 Rxa8 32. Kf2 a5 33. Rc5 Rb8 34. Re4 h5 35. Rd4 Rb7 36. Kf3 h4 37. f5 Bxf5 38. Rxh4 Bb1 39. a4 bxa4 40. bxa4 Rb3+ 41. Kf2 Rb2+ 42. Kg1 Ra2 43. Rxa5 Bd3 44. Ra7 Ra1+ 45. Kh2 Bf5 46. a5 Be6 47. Rd4 Re1 48. a6 Ra1 49. Rd8+ Kg7 50. Rd6 Kh6 51. Ra8 Bf5 52. Re8 Ra2 53. Kg3 Be4 54. e6 fxe6 55. Rexe6 Rxg2+ 56. Kf4 Ba8 57. Rd8 Rf2+ 58. Ke3 Rf3+ 59. Ke2 Rxh3 60. Rh8+ 1-0